000 01005nas a2200337 4500
001 BR0300648
003 BR-BrBNA
005 20231205103549.0
007 ta
008 230509b bl.|||p| |||| 00| 00por d
040 _aBR-BrBNA
_bpor
_cBiblioteca Nacional de Agricultura
041 _a(Pt)
072 _aL51; L02
100 1 _aBerchielli, T.T.
100 1 _aSilveira, R.N.
100 1 _aFurlan, C.L.
245 1 _aEfeito do método de colheita do capim Coastcross (Cynodon dactylon (L.)Pers)sobre a digestibilidade "in vitro" da matéria seca
650 _aGRAMA BERMUDA
650 _aCOLHEITA
650 _aMÉTODO
650 _aMATÉRIA SECA
650 _aVACA
650 _aALIMENTO PARA ANIMAL
650 _aEXTRUSÃO
650 _aPASTAGEM
650 _aVOLUMOSOS
650 _aDIGESTIBILIDADE IN VITRO
773 0 _tArs Veterinária (Brazil)
_xISSN 0102-6380
_g(Apr 2002), v. 18(1) p. 83-87
_wBR0300648
909 _a202311
_bLúcia
_c55
_dLúcia Elande
942 _2AGRIS
_n0
_cANA
999 _c173534
_d173534